Nuestra Señora de París
Saved in:
| Hovedforfatter: | |
|---|---|
| Format: | Bog |
| Sprog: | spansk |
| Udgivet: |
París
Vilo
1968
|
| Fag: | |
| Tags: |
Tilføj Tag
Ingen Tags, Vær først til at tagge denne postø!
|
MARC
| LEADER | 00000nam a2200000 a 4500 | ||
|---|---|---|---|
| 001 | UCT1000 | ||
| 003 | CL-VaPUC | ||
| 008 | 960913e19680000FR |||||||||||||||||spa|d | ||
| 082 | 0 | 4 | |a 726.6 |b CHR |2 21 |
| 100 | 0 | |a Christ, Yvan |e author |9 369653 | |
| 245 | 1 | 0 | |a Nuestra Señora de París |
| 300 | |a 74 p | ||
| 942 | |c BK | ||
| 945 | |d 19960913 00:00:00 |a rleighto | ||
| 260 | |a París |b Vilo |c 1968 | ||
| 650 | 7 | |a CATEDRALES |2 CL-VaPUC |9 267660 | |
| 650 | 0 | |a Iglesias |9 352850 | |
| 650 | 0 | |a Arquitectura religiosa |9 266677 | |
| 650 | 0 | |a Arte religioso |9 330545 | |
| 650 | 0 | |a Monumentos históricos |9 308710 | |
| 650 | 7 | |a PINTURA RELIGIOSA |2 CL-VaPUC |9 340359 | |
| 650 | 0 | |a Arte gótico |9 265512 | |
| 651 | 7 | |a PARIS |2 CL-VaPUC |9 267097 | |
| 651 | 0 | |a Francia |9 255157 | |
| 583 | |a last modification |c 19960913 00:00:00 |k Rodrigo Vera | ||
| 999 | |c 251679 |d 251677 | ||
| 952 | |0 0 |1 0 |4 0 |6 726_600000000000000_CHR_1968 |7 0 |8 A |9 270997 |a BIBARQ |b BIBARQ |d 2019-11-19 |i 3230929 |o 726.6 CHR 1968 |p 3230929 |r 2025-01-20 |w 2019-11-19 |y BK |k ARQ | ||